| 000 | 00385nam a2200145Ia 4500 | ||
|---|---|---|---|
| 008 | 230312s9999||||xx |||||||||||||| ||und|| | ||
| 020 | _a0849325536 | ||
| 082 |
_a621.4021 _bANN-A |
||
| 100 | _aAnnamalai;Kalyan | ||
| 245 | 0 | _aAdvanced Thermodynamics Engineering-2 | |
| 260 |
_bCRC Press _aLondon _c2002 |
||
| 546 | _aEng. | ||
| 650 |
_aAviation _vThermodynamics Engineering |
||
| 942 | _cBK | ||
| 999 |
_c6698 _d6698 |
||